000 00852nam a2200241 a 4500
005 20200104041522.0
008 140228s1989 cl fr|||| 000 0 spa d
040 _aCO-BoIAVH
_cCO-BoIAVH
041 0 _aspa
044 _acl
082 0 4 _a333.783092
_bO68d
110 2 _bOrganización de las Naciones Unidas para la Agricultura y la Alimentación
245 1 0 _aDirectorio de instituciones :
_bparques nacionales, otras áreas protegidas, flora y fauna silvestres
260 _aSantiago de Chile .
_bFAO :
_bPNUMA ,
_c1989.
300 _a133 páginas ;
_c26 x 18 cm.
650 1 6 _aParques nacionales naturales
650 1 6 _aDirectorios
650 2 6 _aAreas protegidas
650 2 6 _aFauna
650 2 6 _aFlora
710 2 _aPrograma de las Naciones Unidas para el Medio Ambiente
942 _cLIBRO
_2ddc
999 _c1563
_d1563